01347nab a2200241 i 4500001000400000003000400004005001700008008003900025040000800064080000800072100017500080245017200255260001000427500002100437520030800458650002600766650002500792655003000817773010100847711012900948942001301077999001501090BPPBPK20180214111155.0150507s2001 pl | | |100 ||pol cBPK a528 aMIELEWCZYK, Stefan.d1996 - .bPolitechnika Koszalińska - Wydział Budownictwa i Inżynierii Środowiska,cZakład Gospodarki Przestrzennej i Katastru Nieruchomości aBadanie związku między poprawką do wartości podstawowej parceli użytku zielonego ze względu na jej kształt, a wskaźnikiem kształtu /cStefan Milewczyk. c2001. aDane z autopsji. aW pracy podjęto próbę ustalenia zależności poprawki do wartości podstawowej ze względu na kształt od jej wskaźnika kształtu, tj. od cech geometrycznych parceli. W badaniu ustalono, że w 79 procentach wskaźnik kształtu wyjaśnia wielkość poprawki ze względu na jej kształt. 0aParcelacja gruntów. 0aŁąki i pastwiska. 0aMateriały konferencyjne. iW :tZeszyty Naukowe Politechniki Zielonogórskiej. -g2001, z. 127, s. 192-201kBudownictwo 35 aKonferencja Katedr i Zakładów Geodezji na Wydziałach Niegeodezyjnychn(16 ;d2001 ;cZielona Góra - Łagów, Polska). cART2UKD c6300d6300